000 00384nam a2200157Ia 4500
008 230711s9999||||xx |||||||||||||| ||und||
041 _aENG
082 _a720
_bCA-O
100 _aShobita Punja
245 0 _aKhajuraho (Our world in colour)
250 _a1st Ed.
260 _c1991
_aNew Delhi
_bThe Guidebook Company Limited
300 _a79
650 _aArchitecture
942 _cBK
999 _c2182
_d2182